|
|
|
|
| LEADER |
01554nam a2200325 a 4500 |
| 001 |
29686 |
| 003 |
BD-DhAAL |
| 005 |
20151020020002.0 |
| 008 |
150818s1988 nyua 001 0aeng |
| 010 |
|
|
|a 88022390
|
| 020 |
|
|
|a 9780393320923 pbk.
|
| 020 |
|
|
|a 0393026590
|
| 040 |
|
|
|a DLC
|c DLC
|d DLC
|d BD-DhAAL
|
| 050 |
0 |
0 |
|a QC16.F49
|b A3 1988
|
| 082 |
0 |
0 |
|a 530.092
|2 20
|
| 100 |
1 |
|
|a Feynman, Richard P.
|q (Richard Phillips),
|d 1918-1988.
|9 13632
|
| 245 |
1 |
0 |
|a What do you care what other people think? :
|b further adventures of a curious character /
|c Richard P. Feynman, as told to Ralph Leighton.
|
| 260 |
|
|
|a New York :
|b Norton,
|c c1988.
|
| 300 |
|
|
|a 286 p. :
|b ill. ;
|c 22 cm.
|
| 500 |
|
|
|a Includes index.
|
| 541 |
|
|
|e 29686
|
| 600 |
1 |
0 |
|a Feynman, Richard P.
|q (Richard Phillips),
|d 1918-1988.
|9 13633
|
| 650 |
|
0 |
|a Physicists
|z United States
|v Biography.
|9 13634
|
| 650 |
|
0 |
|a Science
|v Anecdotes.
|9 13635
|
| 700 |
1 |
|
|a Leighton, Ralph.
|9 13636
|
| 942 |
|
|
|2 ddc
|c BK
|0 1
|
| 999 |
|
|
|c 35196
|d 35196
|
| 952 |
|
|
|0 0
|1 0
|2 ddc
|4 0
|6 530_092000000000000_FEY
|7 0
|9 55207
|a BRACUL
|b BRACUL
|c GEN
|d 2015-08-18
|e Trim Education
|g 1850.00
|l 15
|m 137
|o 530.092 FEY
|p 3010029686
|r 2026-04-26
|s 2026-04-19
|t 1
|y BK
|
| 952 |
|
|
|0 0
|1 0
|2 ddc
|4 0
|6 530_092000000000000_FEY
|7 0
|9 55208
|a BRACUL
|b BRACUL
|c GEN
|d 2015-08-18
|e Trim Education
|g 1850.00
|l 6
|m 100
|o 530.092 FEY
|p 3010029687
|r 2022-12-18
|s 2022-11-08
|t 2
|y BK
|
| 952 |
|
|
|0 0
|1 0
|2 ddc
|4 0
|6 530_092000000000000_FEY
|7 0
|9 55357
|a BRACUL
|b BRACUL
|c GEN
|d 2015-08-18
|e Trim Education
|g 1850.00
|l 9
|m 78
|o 530.092 FEY
|p 3010029688
|r 2025-12-21
|s 2025-03-13
|t 3
|w 2015-08-18
|y BK
|